Vista normal Vista MARC

Entrada Materia (personas)

Número de registros utilizados en: 1

001 - CONTROL NUMBER

  • control field: 80023

003 - CONTROL NUMBER IDENTIFIER

  • control field: Co-BoUCM

005 - DATE AND TIME OF LATEST TRANSACTION

  • control field: 20160913110952.0

008 - FIXED-LENGTH DATA ELEMENTS

  • fixed length control field: 160913|| aca||aabn | a|a d

040 ## - CATALOGING SOURCE

  • Original cataloging agency: Co-BoUCM
  • Transcribing agency: Co-BoUCM

100 ## - HEADING--PERSONAL NAME

  • Personal name: Worrell, William A.

670 ## - SOURCE DATA FOUND

  • Source citation: Work cat.: (Co-BoUCM)303937: Worrell, William A., Solid waste engineering /, 2012